00668cam a2200181 a 4500020001700000020003100017040000800048082002600056100002200082245003100104260012700135300002700262500012800289650001500417700002200432700001600454700001600470 a0915707144 : a0915707152 (v. 2 : pbk.) : cDLC00a338 RES 1985 A074 Or.1 aBarker, Randolph.14aThe rice economy of Asia / aWashington, D.C. :bResources for the Future ;a[Baltimore, Md.] :bDistributed by Johns Hopkins University Press,cc1985. a2 v. :bill. ;c29 cm. aVol. 2 has special title: Appendix to The rice economy of Asia : rice statistics by country, tables with notes / Beth Rose. 0aRice trade1 aHerdt, Robert W.,1 aRose, Beth.1 aRose, Beth.